00497nam a2200157Ia 4500008004100000020001500041082002300056100002400079245003700103260003800140300000500178650000500183942001200188999001500200952012400215140316s9999 xx 000 0 und d a8176561630 a005.369 PPbWIT/PO aWitherspoon,Coletta aPower point 2000 : fast and easy aNew DelhibBPB Publicationsc2000 a a 2ddccBK c5583d5583 00102ddc4070aKAUCLVbKAUCLVcGENERALd2014-03-18l0o005.369 PP WIT/POp212554r2014-03-18 00:00:00w2014-03-18yBK